000 01424 a2200217 4500
001 22208
005 20260407155511.0
008 260407a2000 arg spa d
003 AR-UNSa-BCEJYS
040 _aAR-UNSa-BCEJYS
_bspa
_cAR-UNSa-BCEJYS
080 _a336.13
_xFinanzas del sector público
245 1 0 _aManual de finanzas públicas
_pla economía jurídicamente regulada del sector público en el mundo globalizado
020 _a950-14-1781-6
264 1 _aBuenos Aires :
_bEdiciones Depalma
_c2000
300 _axxv, 446 p.
_c22 cm.
505 _a1. La actividad financiera - 2. Desarrollo histórico del pensamiento financiero y su realidad circundante - 3. Las finanzas públicas y la globalización - 4. Ciencia de las finanzas públicas - 5. El derecho de la hacienda pública - 6. Los gastos públicos - 7. Recursos Públicos - 8. Los ingresos tributarios en general - 9. Los ingresos tributarios en particular - 10. Los ingresos tributarios en particular (II parte)- 11. Sistemas tributarios - 12. El crédito público - 13. Los empréstitos públicos - 14. Teoría general del presupuesto - 15. El proceso vital del presupuesto( su preparación, sanción, ejecución y control)
942 _cBK
590 _aniveau_biblio:m niveau_hierar:0
100 1 _aVillegas, Héctor Belisario
856 4 1 _uhttps://biblioeco.unsa.edu.ar/pmb/images/libros/Manual de Finanzas P?blicas.jpg
_yImagen de portada
_qimage/jpeg
999 _c928
_d928